000
00240nam a2200121Ia 4500
003
LDD
040
_c
LDD
041
_a
en
245
0
_a
Journal of Documentation
260
_c
1 Jan-30 Jun,2006
362
_a
62-62
_b
01-Mar
942
_2
ddc
_c
J
999
_c
178825
_d
178825